000 00433nam a22001697a 4500
005 20171204151608.0
008 171204b xxu||||| |||| 00| 0 eng d
020 _a978-1-25-600679-1
041 _aeng
082 _a660
100 _aPALADHI, RINA
_93997
245 _aENGINEERING CHEMISTRY WBUT 2012
_cRINA PALADHI
250 _a3rd. Ed. 2017
260 _aCHENNAI
_bMc Graw Hill Education
_c2012
300 _a9.21p,
942 _cBK
999 _c5645
_d5643